00846nab a22001937a 4500003000400000005001700004008004100021040000700062100003000069245006500099300001300164505022100177505007200398650002300470650001400493650001500507650002700522773010300549OSt20260109022026.0190514b xxu||||| |||| 00| 0 spa d cPJ aGiovannetti, Patricia S. 10aConvivientes y derecho sucesorio /cPatricia S. Giovannetti. ap. 90-97 aSumario: I. Introducción.— II. Legislación actual.— III. Efectos de las uniones convivenciales con injerencia en el derecho sucesorio.— IV. La vocación hereditaria de los convivientes.— V. Conclusión. tSi te interesa el texto, comunicate a koha@justierradelfuego.gov.ar 0aDERECHO DE FAMILIA 0aALIMENTOS 0aSUCESIONES 0aUNIONES CONVIVENCIALES0 02844dBuenos Aires : AbeledoPerrot, 1989-tDerecho de familia. N° 121 - Septiembre 2025z18511201